000 00211nam a2200097Ia 4500
008 220204s9999 xx 000 0 und d
082 _a82-3
_bNIE
100 _aNiesewand, Peter
245 0 _aFallback
942 _cBK
999 _c37852
_d37852